A history of modern Palestine : one land, two peoples

Αποθηκεύτηκε σε:
Λεπτομέρειες βιβλιογραφικής εγγραφής
Κύριος συγγραφέας: Pappe, Ilan
Μορφή: Βιβλίο
Γλώσσα:English
Δημοσίευση: Cambridge ; New York : Cambridge University Press, 2006.
Έκδοση:2η έκδ.
Θέματα:
Ετικέτες: Προσθήκη ετικέτας
Δεν υπάρχουν, Καταχωρήστε ετικέτα πρώτοι!

MARC

LEADER 00000cam a2200000 a 4500
001 1/124632
008 220404s2006####enk| ||| |||| ||eng||
020 |a 9780521683159  |q (χαρτόδετο)  
040 |a GR-MyUa   |b gre   |c GR-MyUa   |e AACR2  
041 0 |a eng 
082 7 |a 956.94   |2 (23)  
100 1 |a Pappe, Ilan. 
245 1 2 |a A history of modern Palestine :   |b one land, two peoples /   |c Ilan Pappe.  
250 |a 2η έκδ.  
260 |a Cambridge ;   |a New York :   |b Cambridge University Press,   |c 2006.  
300 |a xxi, 361 σ. :   |b εικ., χαρτ. ;   |c 23 εκ.  
504 |a Περιέχει βιβλιογραφικές αναφορές και ευρετήριο. 
651 0 |a Palestine  |x History. 
651 0 |a Palestine  |x History  |y 20th century. 
970 |a Σιδερή  |b Νεκταρία   |z 2022/04/04